1437 1716 1777 1680 1245 1142 1018 1443 1969 1765 1605 1409 1741 1297 1752 1228 1660 1985 1991 1336 1630 1384 1844 1745 1989 1658 1878 1430 1813 1361 1179 1754 1534 1275 1402 1759 1091 1681 1971 1747 1936 1553 1473 1432 1711 1851 1383 1730 1342 1440 1618 1777 1342 1644 1884 1272 1796 1633 1809 1555 1859 1410 1009 1157 1145 1096 1798 1472 1331 1453 1506 1033 1550 1572 1732 1878 1533 1832 1427 1894 1587 1335 1864 1524 1924 1409 1703 1732 1110 1612 1431 1432 1777 1505 1252 1777 1389 1224 1920 BCNSPRNW ULIB Ver.6.0+V

เปลี่ยนเป็นภาษาไทย

Change to English
 แสดงรายละเอียดบรรณานุกรม
  กลับหน้าหลัก

Brief Record : Get Marc (ISO 2709) : E-mail record : QR code < ปิดหน้าต่าง
LEADER : 00000nam 2200000uu 4500
001    13399120501
003     ULIB
008    120203s2551 th a t 000 0 tha d
020    ^a9789743779312
060 04 ^aWB925^bร451ก 2551
100 0  ^aจิราพร ลิ้มปานานนท์
245 10 ^aการบูรณาการการแพทย์แผนไทย :^bระบบยาไทยและยาจากสมุนไพรในสถานบริการสาธารณสุข /^cนักวิจัย จิราพร ลิ้มปานานนท์ ... [และคนอื่นๆ]
246 30 ^aระบบยาไทยและยาจากสมุนไพรในสถานบริการสาธารณสุข
250    ^aพิมพ์ครั้งที่ 1
260    ^aนนทบุรี :^bศุนย์ข้อมูลเชิงยุทธศาสตร์กรมพัฒนาการแพทย์แผนไทยและการแพทย์ทางเลือก,^c2551
300    ^a(16), 237, [2] หน้า :^bภาพประกอบ ;^c21 ซม.
500    ^aนักวิจัยร่วม : สุรัตนา อำนวยผล, รัชนี จันทร์เกษ, ประพจน์เภตรากาศ, วีรพงษ์ เกรียงสินยศ, อรนุช มะลิลา
500    ^aโครงการวิจัยร่วมของกรมพัฒนาการแพทย์แผนไทยและการแพทย์ทางเลือก กระทรวงสาธารณสุขกับ หน่วยปฏิบัติการวิจัยเภสัชศาสตร์สังคม คณะเภสัชศาสตร์จุฬาลงกรณ์มหาวิทยาลัย
500    ^aSend to Single Search
650  4 ^aการแพทย์แผนไทย^vวิจัย
650  4 ^aการแพทย์แผนโบราณ^vวิจัย
650  4 ^aสถานพยาบาลแผนไทย^vวิจัย
650  4 ^aยาแผนโบราณ^vวิจัย
650  4 ^aยาสมุนไพร^vวิจัย
700 0  ^aสุรัตนา อำนวยผล
700 0  ^aรัชนี จันทร์เกษ
700 0  ^aประพจน์ เภตรากาศ
700 0  ^aวีรพงษ์ เกรียงสินยศ
700 0  ^aอรนุช มะลิลา
710 2  ^aกรมพัฒนาการแพทย์แผนไทยและการแพทย์ทางเลือก
710 2  ^aจุฬาลงกรณ์มหาวิทยาลัย. ^bคณะเภสัชศาสตร์.^bหน่วยปฏิบัติการวิจัยเภสัชศาสตร์สังคม
945    ^p0^l0^i17510
995    ^aกัณชพร
999    ^aใช้งานได้ทุกระบบ
รายการนี้ยังไม่มีแท็ก
คุณยังไม่ได้ล็อกอิน คุณสามารถมีกิจกรรมร่วมกับเว็บไซต์ได้ แต่ต้องล็อกอินก่อน ::
  ล็อกอิน

รายการสื่อสารสนเทศ

ลำดับที่ ประเภท เลขเรียก/บาร์โค้ด สถานที่ สถานะ
1. วิทยาศาสตร์การแพทย์ และสุขภาพ
วิทยาศาสตร์การแพทย์ และสุขภาพ
WB925 ร451ก 2551  
  Barcode: 17510
ห้องสมุดวิทยาเขตสวรรค์ประชารักษ์
►หนังสือทั่วไป
บนชั้น

รายการใกล้เคียง
    ผู้แต่ง [จิราพร ลิ้มปานานนท์]

BibComment


ยังไม่เคยถูกคอมเมนท์

คอมเมนท์ทรัพยากรรายการนี้
  คอมเมนท์: การบูรณาการการแพ..


 Copyright 2026. Bcnsprnw @Library